Lyrics to 'I'd be crazy' from Soy Luna - Statistics

General Stats
  • This quiz has been taken 18 times
  • The average score is 228 of 309
Answer Stats
Answer % Correct
a
100%
be
100%
be...
100%
crazy
100%
En
100%
I
100%
I'd
100%
no
100%
No
100%
puedo
100%
si
100%
Si
100%
es
89%
estar
89%
Estar
89%
junto
89%
mi
89%
ti
89%
Y
89%
y
89%
así
78%
Cambias
78%
el
78%
entras
78%
gotta
78%
hablar
78%
hace
78%
lo
78%
Lo
78%
me
78%
momento?
78%
momento
78%
mundo
78%
pasar
78%
preguntar
78%
pueda
78%
que
78%
say
78%
78%
se
78%
ser
78%
sin
78%
So
78%
something
78%
tiempo
78%
without
78%
aquí
67%
buen
67%
decirte
67%
este
67%
hacerlo
67%
here
67%
intentar
67%
más
67%
nothing
67%
o
67%
quiero
67%
Quizá
67%
siento
67%
te
67%
un
67%
ya
67%
yo
67%
you
67%
aunque
56%
día
56%
estás
56%
feliz
56%
goes
56%
haré
56%
lugar
56%
miras
56%
¿Será
56%
Yeah
56%
yeah
56%
aguanto
44%
Déjame
44%
estés
44%
gris
44%
Need
44%
perder
44%
pierdo
44%
puede
44%
Puede
44%
to
44%
triste
44%
44%
cuando
33%
it
33%
la
33%
mis
33%
plantearlo
33%
please
33%
quieres
33%
Con
22%
con
22%
daré
22%
entender
22%
eso
22%
flores
22%
ganar
22%
Mil
22%
regalos
22%
todo
22%
Todo
22%
Apuesta
11%
brazos
11%
ella
11%
escapa
11%
Nunca
11%
Puedes
11%
saber
11%
termina
11%
vas
11%
No matching quizzes found
Score Distribution
Percent of People with Each Score
Percentile by Number Answered
Your Score History
You have not taken this quiz